Engineering electromagnetics (Record no. 3963)

000 -LEADER
fixed length control field 00510nam a2200193 i 4500
001 - CONTROL NUMBER
control field 3963
003 - CONTROL NUMBER IDENTIFIER
control field BD-DhUET
008 - FIXED-LENGTH DATA ELEMENTS--GENERAL INFORMATION
fixed length control field 800401s1981 nyua b 001 0 eng
020 ## - INTERNATIONAL STANDARD BOOK NUMBER
International Standard Book Number 0070273952
040 ## - CATALOGING SOURCE
Original cataloging agency DLC
Transcribing agency DLC
Modifying agency BD-DhUET
082 00 - DEWEY DECIMAL CLASSIFICATION NUMBER
Classification number 530.41
Item number HAY/1981
100 ## - MAIN ENTRY--PERSONAL NAME
Personal name Hayt, William H.
245 10 - TITLE STATEMENT
Title Engineering electromagnetics
Statement of responsibility, etc. by William H. Hayt
250 ## - EDITION STATEMENT
Edition statement 4th ed.
260 ## - PUBLICATION, DISTRIBUTION, ETC. (IMPRINT)
Place of publication, distribution, etc. New York
Name of publisher, distributor, etc. McGraw-Hill
Date of publication, distribution, etc. 1981
300 ## - PHYSICAL DESCRIPTION
Extent xiii, 527 p.
Other physical details ill.
Dimensions 25 cm.
650 #0 - SUBJECT ADDED ENTRY--TOPICAL TERM
Topical term or geographic name as entry element Electromagnetic theory
942 ## - ADDED ENTRY ELEMENTS (KOHA)
Koha item type General Book
Holdings
Koha date last seen Koha full call number Sublocation or collection (holding branch) Koha item type Not for loan Location (home branch) Koha normalized classification for sorting Source of classification or shelving scheme Damaged status Lost status Piece designation (barcode) Copy number Date acquired Shelving location Price effective from Withdrawn status
2014-11-10530.41/HAY/1981Central Library, BUETGeneral Book Central Library, BUET530_000000000000000_41HAY1981   7975812014-11-10Circulation section2014-11-10 
2014-11-10530.41/HAY/1981Central Library, BUETGeneral Book Central Library, BUET530_000000000000000_41HAY1981   7975922014-11-10Circulation section2014-11-10 
2014-11-29530.41/HAY/1981Central Library, BUETGeneral Book Central Library, BUET530_410000000000000_HAY_1981   7975732014-11-29Circulation section2014-11-29 
2014-11-29530.41/HAY/1981Central Library, BUETGeneral Book Central Library, BUET530_000000000000000_41HAY1981   7975642014-11-29Circulation section2014-11-29 
2015-06-11530.41/HAY/1981Central Library, BUETReading Item Central Library, BUET530_410000000000000_HAY_1981   7976052015-06-11Reading section2015-06-11